01268 a2200205 450000100040000000500170000400800410002100300150006204000400007708000700011724500440018702000220023125000110025326400750026430000180033950505420035704100080089910000190090785601360092614920260407155413.0260407a2007 arg spa dAR-UNSa-BCEJYS aAR-UNSa-BCEJYSbspacAR-UNSa-BCEJYS a347.779xOrganización administrativa de la propiedad industrial10aLos secretos industriales y el Know How a978-987-03-1092-1 a1a. ed 1aBuenos Aires :bUniversidad de Buenos Aires. Facultad de Derechoc2007 a150 p.c24 cm a1. La innovación Tecnologíca - 2. Análisis y estructura del secreto industrial - 3. Naturaleza jurídica del secreto industrial - 4. Derechos subjetivos y propiedad en materia de derechos intelectuales - 5. Doctrina y jurisprudencia referidos a la naturaleza jurídica del secreto industrial - 6. Protección del secreto industrial - 7. Protección internacional del secreto industrial - 8. Legislación argentina, Competencia desleal, lealtad comercial, ley de confidencialidad, sanciones penales - 9. Conclusiones finales.  aspa1 aKors, Jorge A.41uhttps://biblioeco.unsa.edu.ar/pmb/images/libros/Los secretos industriales y el know how2-l117334.jpgyImagen de portadaqimage/jpeg